عرض عادي
عرض مارك
- James, Carl
مدخل إسم شخص
001 - رقم الضبط
- حقل الضبط: 89439
003 - معرف رقم الضبط
- حقل الضبط: OSt
005 - تاريخ ووقت أخر عملية
- حقل الضبط: 20220314132838.0
008 - عناصر بيانات ثابتة الطول
- حقل تحكم ثابت الطول: 220314|| aca||aabn | a|a d
040 ## - مصدر الفهرسة
- هيئة الفهرسة الأصلية: OSt
- وكالة الكتابة: OSt
100 ## - مدخل -- أسم شخص
- إسم شخص: James, Carl
670 ## - بيانات المصدر موجوده
- الاستشهاد بالمصدر: Work cat.: (OSt)0: James, Carl, Contrastive analysis /, 1980
